First Characters in Each Chapter - Philosopher's Stone Quiz Stats

 Plays Quiz not verified by Sporcle

Also try: 'A' Books by Cover
Challenge
Share
Tweet
Embed
Score 0/51 Timer 05:00
1 Play Today
Chapter Character % Correct
The Vanishing GlassHarry Potter
99.9%
The Letters from No OneHarry Potter
99.9%
The Keeper of the KeysHarry Potter
99.9%
Diagon AlleyHarry Potter
99.9%
The Journey from Platform 9 3/4Harry Potter
99.9%
The Sorting HatHarry Potter
99.9%
The Potions MasterHarry Potter
99.9%
The Midnight DuelHarry Potter
99.9%
HalloweenHarry Potter
99.9%
QuidditchHarry Potter
99.9%
Nicolas FlamelHarry Potter
99.9%
Norbert the Norwegian RidgebackHarry Potter
99.9%
Through the TrapdoorHarry Potter
99.9%
The Man with Two FacesHarry Potter
99.9%
HalloweenRon Weasley
99%
Nicolas FlamelRon Weasley
99%
Norbert the Norwegian RidgebackRon Weasley
99%
The Forbidden ForestHermione Granger
98.8%
The Boy Who LivedPetunia Dursley
98.8%
Diagon AlleyPetunia Dursley
98.8%
The Journey from Platform 9 3/4Petunia Dursley
98.8%
The Boy Who LivedVernon Dursley
98.7%
The Boy Who LivedDudley Dursley
98.7%
The Vanishing GlassVernon Dursley
98.7%
The Vanishing GlassDudley Dursley
98.7%
The Letters from No OneDudley Dursley
98.7%
Chapter Character % Correct
The Keeper of the KeysDudley Dursley
98.7%
The Keeper of the KeysVernon Dursley
98.7%
The Journey from Platform 9 3/4Dudley Dursley
98.7%
The Midnight DuelDudley Dursley
98.7%
Diagon AlleyRubeus Hagrid
98%
The Sorting HatRubeus Hagrid
98%
QuidditchRubeus Hagrid
98%
The Mirror of ErisedRubeus Hagrid
98%
The Mirror of ErisedSeverus Snape
97.4%
The Man with Two FacesSeverus Snape
97.4%
The Mirror of ErisedQuirinus Quirrell
96.3%
Norbert the Norwegian RidgebackQuirinus Quirrell
96.3%
The Man with Two FacesQuirinus Quirrell
96.3%
Nicolas FlamelAlbus Dumbledore
96.2%
The Sorting HatMinerva McGonagall
93.3%
The Forbidden ForestMinerva McGonagall
93.3%
The Midnight DuelDraco Malfoy
88.9%
HalloweenDraco Malfoy
88.9%
QuidditchOliver Wood
80.5%
The Forbidden ForestArgus Filch
78.2%
Through the TrapdoorLord Voldemort
76.6%
Through the TrapdoorFluffy
72.3%
The Letters from No OneArabella Figg
64.3%
The Potions MasterPeeves
55.7%
The Potions MasterNearly Headless Nick
55.1%

You're not logged in!

Compare scores with friends on all Sporcle quizzes.
Join for Free
OR
Log In

You Might Also Like...

Show Comments

Extras

Top Quizzes Today


Score Distribution

Your Account Isn't Verified!

In order to create a playlist on Sporcle, you need to verify the email address you used during registration. Go to your Sporcle Settings to finish the process.

Report this User

Report this user for behavior that violates our Community Guidelines.

Details: